=LDR 00000nam 2200000 4500 =001 INLIS000000000031925 =005 20130612133951 =008 ***********************************ind** =035 ##$$0010-061300000031925 =041 ##$$a ind =082 ##$$a 352.14 =090 ##$$a 352.14, Oto o =245 ##$$a Otonomi, Potensi Masa Depan Republik Indonesia =260 ##$$a 2001 $b Jakarta =300 ##$$a xiii,1068 hlm, Ilus, 27 cm =650 ##$$a Otonomi =850 ##$$a NBPNMAT